000 00433nam a22001697a 4500
005 20180530111057.0
008 160615b xxu||||| |||| 00| 0 eng d
020 _a978-070698-608-2
041 _aeng
082 _b7700
_a519.5
100 _aChandan, T.S. Dr and others
_94319
245 _aBusiness Statistics
260 _aNew Delhi
_bVikas Publishing House (P) Ltd.
300 _a447
650 _aManagement
_9241
942 _cBK
999 _c2749
_d2748